|
|
|
|
| LEADER |
01516nam a2200361 a 4500 |
| 001 |
38303 |
| 003 |
BD-DhAAL |
| 005 |
20220404111037.0 |
| 008 |
220404t1996 ii b b 001 0 eng |
| 999 |
|
|
|c 43954
|d 43954
|
| 010 |
|
|
|a 96220983
|
| 020 |
|
|
|a 0195636929
|
| 040 |
|
|
|a DLC
|c DLC
|d DLC
|d BD-DhAAL
|
| 043 |
|
|
|a a-ii---
|
| 050 |
0 |
0 |
|a JQ246
|b .P68 1996
|
| 082 |
|
|
|a 351.540904
|2 23
|
| 100 |
1 |
|
|a Potter, David C.
|9 47654
|
| 245 |
1 |
0 |
|a India's political administrators, from ICS to IAS /
|c David C. Potter.
|
| 250 |
|
|
|a First Indian ed., rev. and updated
|
| 260 |
|
|
|a Delhi :
|b Oxford University Press,
|c 1996.
|
| 300 |
|
|
|a xv, 301 pages :
|b maps ;
|c 22 cm.
|
| 490 |
|
|
|a Oxford India paperbacks
|
| 500 |
|
|
|a Rev. ed. of: India's political administrators, 1919-1983.
|
| 504 |
|
|
|a Includes bibliographical references (p. [264]-288) and index.
|
| 541 |
|
|
|a Donated by Akbar Ali Khan
|e 38303
|
| 650 |
|
0 |
|a Civil service
|z India
|x History
|y 20th century.
|9 47655
|
| 650 |
|
0 |
|a Colonial administrators
|z India
|x History
|y 20th century.
|9 47656
|
| 651 |
|
0 |
|a India
|x Politics and government
|y 1919-1947.
|9 47657
|
| 651 |
|
0 |
|a India
|x Politics and government
|y 1947-
|9 47658
|
| 700 |
1 |
|
|a Potter, David C.
|t India's political administrators, 1919-1983.
|9 47659
|
| 852 |
|
|
|a Ayesha Abed Library
|c Akbar Ali Khan Collection
|
| 942 |
|
|
|2 ddc
|c BK
|
| 952 |
|
|
|0 0
|1 0
|2 ddc
|4 0
|6 351_540904000000000_POT
|7 1
|9 70345
|a BRACUL
|b BRACUL
|c AAKC
|d 2022-04-04
|e Donated by Akbar Ali Khan
|l 0
|o 351.540904 POT
|p 3010038303
|r 2022-04-04
|t 1
|w 2022-04-04
|y BK
|